000 01029nam a22003257a 4500
001 BR2015004415
003 BR-BrBNA
005 20230928104712.0
007 ta
008 230509b bl.||||| |||| 00| 0 por d
040 _aBR-BrBNA
_bpor
_cBiblioteca Nacional de Agricultura
041 _a(Por)
072 _aL01
_b9410
090 _ 9410 BR2015004415
110 1 _aEMBRAPA Transferência de Tecnologia, Brasília, DF (Brasil)
_93752
245 1 _aBoas práticas agropecuárias para produção de alimentos seguros no campo. Boas práticas agropecuárias na produção leiteira. Parte 2
_bSérie Qualidade e Segurança dos Alimentos
260 3 _aBrasília, DF (Brasil):
_c2005.
300 _a20 p.
500 _a2 ref.; 29 illus
650 _aINSTALAÇÃO AGRÍCOLA
650 _aLEITE
650 _aPRODUÇÃO LEITEIRA
650 _aEQUIPAMENTO
650 _aTRANSPORTE
650 _aESTOCAGEM
650 _aMEDICAMENTO
650 _aMANUTENÇÃO
909 _a202309
_bLucia
_c55
_dLucia Elande
942 _cBK
999 _c81290
_d81290